| 000 | 00505nam a2200133Ia 4500 | ||
|---|---|---|---|
| 008 | 210430s9999 xx 000 0 und d | ||
| 082 | _a001.4 W4151 W | ||
| 100 |
_aWeidenborner, Stephen and Caruso, Domenick. _953407 |
||
| 245 |
_aWriting research papers. a guide to the process. / _cWeidenborner, Stephen and Caruso, Domenick. |
||
| 260 |
_a[S.l.] : _bSt Martins Pr, _c1997 |
||
| 300 | _a1 v. (unpaged) ; | ||
| 856 | _uhttp://www.amazon.com/exec/obidos/ASIN/B000OTF7HS/chopaconline-20 | ||
| 942 |
_cBK _2ddc |
||
| 999 |
_c563400 _d563400 |
||